| 000 | 00686pam a2200229 a 4500 | ||
|---|---|---|---|
| 001 | 579462 | ||
| 005 | 20180213071351.0 | ||
| 008 | 900302s1991 nyua b 001 0 eng | ||
| 010 | _a 90005768 | ||
| 020 |
_a0070185638 : _c$49.95 |
||
| 040 |
_aDLC _cDLC _dDLC |
||
| 041 | _aeng | ||
| 080 | _a620.00420285 DYM | ||
| 082 | 0 | 0 |
_a620.00420285 DYM _220 |
| 100 | 1 | _a27 | |
| 101 | _aIM | ||
| 245 | 1 | 0 |
_aKnowledge-based systems in engineering / _cClive L. Dym, Raymond E. Levitt. |
| 504 | _aIncludes bibliographical references (p. 367-389) and index. | ||
| 906 |
_a7 _bcbc _corignew _d1 _eocip _f19 _gy-gencatlg |
||
| 942 |
_2ddc _cBK |
||
| 999 |
_c42386 _d42386 |
||